<?xml version="1.0" encoding="UTF-8"?><?xml-stylesheet type="text/xsl" href="static/style.xsl"?><OAI-PMH xmlns="http://www.openarchives.org/OAI/2.0/" xmlns:xsi="http://www.w3.org/2001/XMLSchema-instance" xsi:schemaLocation="http://www.openarchives.org/OAI/2.0/ http://www.openarchives.org/OAI/2.0/OAI-PMH.xsd"><responseDate>2026-04-17T14:58:29Z</responseDate><request verb="GetRecord" identifier="oai:www.recercat.cat:2072/394745" metadataPrefix="marc">https://recercat.cat/oai/request</request><GetRecord><record><header><identifier>oai:recercat.cat:2072/394745</identifier><datestamp>2026-04-14T00:07:48Z</datestamp><setSpec>com_2072_98</setSpec><setSpec>col_2072_378192</setSpec></header><metadata><record xmlns="http://www.loc.gov/MARC21/slim" xmlns:dcterms="http://purl.org/dc/terms/" xmlns:xsi="http://www.w3.org/2001/XMLSchema-instance" xmlns:doc="http://www.lyncode.com/xoai" xsi:schemaLocation="http://www.loc.gov/MARC21/slim http://www.loc.gov/standards/marcxml/schema/MARC21slim.xsd">
   <leader>00925njm 22002777a 4500</leader>
   <datafield ind2=" " ind1=" " tag="042">
      <subfield code="a">dc</subfield>
   </datafield>
   <datafield ind2=" " ind1=" " tag="720">
      <subfield code="a">Las Heras Alonso, Marta Mireia</subfield>
      <subfield code="e">author</subfield>
   </datafield>
   <datafield ind2=" " ind1=" " tag="260">
      <subfield code="c">2011</subfield>
   </datafield>
   <datafield ind2=" " ind1=" " tag="520">
      <subfield code="a">La neoplàsia és la proliferació anormal de les cèl·lules d'un teixit, el que acaba generant tumors o malalties com la leucèmia. Els individus afectats per una primera neoplàsia maligna tenen un major risc de desenvolupar una segona. La present tesi doctoral analitza l'índex d'incidència de segones neoplasies, concloent que el risc de desenvolupar un càncer independent s'incrementa considerablement. Així, el seguiment posterior a una primera neoplàsia seria més efectiu considerant les segones neoplàsies més freqüents, en comptes de realitzar un seguiment focalitzat.</subfield>
   </datafield>
   <datafield ind2=" " ind1=" " tag="520">
      <subfield code="a">La neoplasia es la proliferación anormal de las células de un tejido, lo que acaba generando tumores o enfermedades como la leucemia. Los individuos afectados por una primera neoplasia maligna tienen un mayor riesgo de desarrollar una segunda. La presente tesis doctoral analiza el índice de incidencia de segundas neoplasias, concluyendo que el riesgo de desarrollar un cáncer independiente se incrementa considerablemente. Así, el seguimiento posterior a una primera neoplasia sería más efectivo considerando las segundas neoplasias más frecuentes, en vez de realizar un seguimiento focalizado.</subfield>
   </datafield>
   <datafield ind2="0" ind1="0" tag="245">
      <subfield code="a">El risc de reincidència en tumors primaris múltiples</subfield>
   </datafield>
</record></metadata></record></GetRecord></OAI-PMH>